| Tag |
First Indicator |
Second Indicator |
Subfields |
| LEADER |
00000cam a22000005 4500 |
| 001 |
in00000132003 |
| 005 |
20220103114514.0 |
| 007 |
cr unu a |
| 008 |
800222s1970 txu 00000 eng d |
| 035 |
|
|
|9 AAN6954AM
|
| 035 |
|
|
|a (OCoLC)06011525
|
| 040 |
|
|
|c TXA
|d UtOrBLW
|
| 049 |
|
|
|a TXAZ [Cop.1 in] [Archives]
|c 1 [704434]
|c 2 [704435]
|
| 099 |
|
|
|a 1970
|a Thesis
|a B639
|
| 100 |
1 |
|
|a Blanchard, David Fred.
|
| 245 |
1 |
2 |
|a A simple method of writing traverse specifications.
|
| 264 |
|
1 |
|a [College Station, Tex.],
|b [publisher not identified] ;
|c 1970.
|
| 300 |
|
|
|a 72 .
|
| 336 |
|
|
|a text
|b txt
|2 rdacontent
|
| 337 |
|
|
|a computer
|b c
|2 rdamedia
|
| 338 |
|
|
|a online resource
|b cr
|2 rdacarrier
|
| 502 |
|
|
|b M.S. in Civil Engineering
|c Texas A&M University.
|
| 530 |
|
|
|a Also available online.
|
| 650 |
|
4 |
|a Major civil engineering.
|
| 856 |
4 |
1 |
|u https://hdl.handle.net/1969.1/ETD-TAMU-1970-THESIS-B639
|z Link to OAKTrust copy
|t 0
|
| 999 |
|
|
|a MARS
|
| 999 |
f |
f |
|s a40c09f6-53ad-3ac7-93ba-7ce4098d133b
|i ab1434a3-14dc-3f44-b900-29355aa3bff3
|t 0
|
| 952 |
f |
f |
|p noncirc
|a Texas A&M University
|b J.J. Pickle Campus
|c High Density Repository
|s HDR
|d Remote Storage
|t 0
|e 1970 Thesis B639
|h Other scheme
|i computer -- online resource
|m A14840919018
|
| 952 |
f |
f |
|a Texas A&M University
|b College Station
|c Electronic Resources
|s www_evans
|d Available Online
|t 0
|e 1970 Thesis B639
|h Other scheme
|
| 998 |
f |
f |
|a 1970 Thesis B639
|t 0
|l Remote Storage
|
| 998 |
f |
f |
|a 1970 Thesis B639
|t 0
|l Available Online
|